Paroles Je suis ton Meilleur Ami - Aladdin - Statistiques

Statistiques générales
  • Ce quiz a été pris 96 fois
    74 depuis la dernière actualisation
  • Le résultat moyen est 232 sur 293
Statistiques - réponses
Paroles % Correct
à
100%
A
100%
de
98%
me
98%
B.
96%
je
96%
Je
96%
ami !
94%
ami.
94%
ami,
94%
la
94%
meilleur
94%
Ô
94%
suis
94%
Ça
92%
ton
92%
Ali
91%
car
91%
Car
91%
le
91%
tu
91%
Tu
91%
un
91%
Un
91%
Au
89%
au
89%
ce
89%
et
89%
Et
89%
mon
89%
Mon
89%
quarante
89%
qui
89%
Le Génie Si
89%
va
89%
bien
87%
cœur.
87%
en
87%
voleurs,
87%
votre
87%
C'est
85%
Colonne
85%
du
85%
faire
85%
l'or.
85%
Maître
85%
maître
85%
peu
85%
plus
85%
que
85%
roi !
85%
te
85%
truc
85%
vaut
85%
Aladdin,
83%
Baba
83%
es
83%
Fruits
83%
service,
83%
tes
83%
vous
83%
as
81%
d'été,
81%
gagnant.
81%
Génie,
81%
Génie
81%
possèdes
81%
pour
81%
prince,
81%
seras
81%
Tout
81%
tout,
81%
vie.
81%
Allume
79%
amis.
79%
Boum !
79%
dis :
79%
dis
79%
fort,
79%
histoires
79%
lampe !
79%
peux
79%
pouvoir,
79%
pouvoir
79%
restaurant
79%
Toi,
79%
toi
79%
aujourd'hui,
77%
chante,
77%
cher,
77%
d'hotêl
77%
mèche,
77%
mes
77%
plaisir,
77%
Plats
77%
quatre
77%
Seigneur,
77%
Seigneur.
77%
servir,
77%
cette
75%
dessert
75%
encore
75%
feu !
75%
J'ai
75%
nous
75%
ou
75%
sommes
75%
tonnerre,
75%
très
75%
coup
74%
éclair.
74%
enfile
74%
l'avoir
74%
oreille,
74%
oui,
74%
oui !
74%
creux
72%
frottant
72%
Reprenez
72%
Shérazade,
72%
vœu,
72%
vœu
72%
gants,
70%
moi,
70%
moi
70%
offres
70%
Oh !
70%
Oh
70%
ta
70%
vois
70%
vois ?
70%
est
68%
favori,
68%
lapin
68%
tour
68%
coupe
66%
mille
66%
par
66%
quand
66%
Quel
66%
quel
66%
Magicien.
64%
même
64%
sais
64%
souhait ?
64%
Chargé
62%
commande
62%
comme
62%
D'affaires.
62%
Fais
62%
magie !
62%
Mais
62%
offrir
62%
disparaîtras
60%
fait
60%
les
60%
prie !
60%
Abracadabra,
58%
J'aimerais
58%
prières.
58%
deux,
57%
d'exaucer
57%
Frotte
57%
frotte
57%
Ordonnez,
57%
Passez
57%
T'as
57%
divers,
55%
dos !
55%
On
55%
mains,
53%
soutiendrai,
53%
certifié,
51%
l'œil
51%
veux
51%
dit
49%
Eh,
49%
Eh
49%
s'éclate,
49%
diplômé,
47%
mâchoire,
47%
liste ?
45%
Banco !
43%
OK,
43%
Remonte
43%
t'appuierai,
43%
déja
42%
garanti,
42%
Grand
42%
hagard.
40%
baklavas.
36%
rab' !
34%
Jongleur,
21%
Nabab !
21%
Aucun quiz correspondant
Distribution des résultats
% des personnes avec chaque résultat
Percentile par nombre de réponses
Votre historique - résultats
Vous n’avez pas pris ce quiz depuis la dernière actualisation